000 00356nam a22001217a 4500
999 _c2572
_d2572
005 20200918122548.0
008 200918b ||||| |||| 00| 0 eng d
020 _a0540052876
040 _cCML
245 _aCommercial Course Atlas.
_cPhilip.
260 _aLondon
_bGeorge Philip and Son LTD
_c1973
942 _2ddc
_cBK
_e1st Edition
_h912
_mPHI